000 00332nam a2200145 a 4500
008 970114s1976||||xx 0 und c
040 _aSNK
_bslo
_cSNK
_eAACR2
100 1 _aMitana, Dušan
245 1 0 _aNočné správy
260 _aBratislava
_bSmena
_c1976
300 _a86 s.
020 _c11
041 _aslo
044 _axo
_cSK
999 _c12260
_d12260